00554nam a2200181 a 450000100060000000300090000600800410001502000150005604000280007108200160009910000310011524500590014626000700020530000110027549000220028665000380030865000260034618712CO-ViMGA141112s2004 ck r 000 u spa d a9586552608 aCO-ViMGAbspacCO-ViMGA04a610.73 C1771 aCastrillon, Maria Consuelo10aLa Dimensión social de la práctica de enfermería aMedellín, cColombia : Editorial Universidad de Antioquia; 1997 a128 p. aYuluka Enfermeria14aENFERMERIA - EVOLUCION - HISTORIA14aENFERMERIA - PRACTICA